Elements of mathematical logic
Wedi'i Gadw mewn:
| Prif Awdur: | |
|---|---|
| Fformat: | Llyfr |
| Iaith: | Saesneg |
| Cyhoeddwyd: |
Palo Alto
Oliver and Boyd
1964
|
| Rhifyn: | 1a. ed |
| Cyfres: | Adiwes International Series in Mathematics
|
| Pynciau: | |
| Tagiau: |
Ychwanegu Tag
Dim Tagiau, Byddwch y cyntaf i dagio'r cofnod hwn!
|
MARC
| LEADER | 00000cam a2200000 a 4500 | ||
|---|---|---|---|
| 001 | UCC1687 | ||
| 003 | CL-VaPUC | ||
| 005 | 20240819115758.0 | ||
| 008 | 171117e19640000us |||||||||||||||||eng|d | ||
| 999 | |c 370082 |d 370080 | ||
| 040 | |c Pontificia Universidad Católica de Valparaíso | ||
| 082 | 0 | 4 | |a 511.3 |b NOV |2 21 |
| 100 | |a Novikov, P. S. |q (Petr Sergeevich) |e author |9 595728 | ||
| 245 | 1 | 0 | |a Elements of mathematical logic |
| 250 | |a 1a. ed | ||
| 260 | |a Palo Alto |b Oliver and Boyd |c 1964 | ||
| 300 | |a 296 p | ||
| 440 | |a Adiwes International Series in Mathematics |9 883324 | ||
| 583 | |a last modification |c 20171117 16:06:00 |k Rodrigo Vera | ||
| 650 | 0 | |a Lógica matemática |9 262442 | |
| 650 | 0 | |a Lógica proposicional |9 421893 | |
| 942 | |c BK |2 ddc | ||
| 945 | |d 20171117 16:06:00 |a arojas | ||
| 952 | |0 0 |1 0 |3 erd |4 0 |6 511_300000000000000_NOV_1964 |7 0 |8 A |9 486381 |a BIBMAT |b BIBMAT |i 5435412 |o 511.3 NOV 1964 |p 5435412 |r 2025-01-07 |w 2019-11-24 |y BK |z Catalogado en:20171117 |k MAT | ||